Estudio faunístico y biológico de los mamíferos montaraces del Pirineo / (Record no. 114393)

MARC details
000 -LEADER
campo de control de longitud fija 00789nam a2200205 i 4500
001 - NÚMERO DE CONTROL
campo de control 114393
003 - IDENTIFICADOR DE NÚMERO DE CONTROL
campo de control ES-MaACL
005 - FECHA Y HORA DE LA ÚLTIMA TRANSACCIÓN
campo de control 20230906190139.0
007 - CAMPO FIJO DE DESCRIPCIÓN FÍSICA--INFORMACIÓN GENERAL
campo de control de longitud fija t|
008 - DATOS DE LONGITUD FIJA--INFORMACIÓN GENERAL
campo de control de longitud fija 070226s1971 sp ||||1| spa d
100 1# - ENTRADA PRINCIPAL--NOMBRE DE PERSONA
Nombre de persona Vericad Corominas, Juan Ramón.
9 (RLIN) 150386
245 10 - MENCIÓN DEL TÍTULO
Título Estudio faunístico y biológico de los mamíferos montaraces del Pirineo /
Mención de responsabilidad, etc. por Juan Ramón Vericad-Corominas.
260 ## - PUBLICACIÓN, DISTRIBUCIÓN, ETC.
Lugar de publicación, distribución, etc. Jaca :
Nombre del editor, distribuidor, etc. Centro Pirenaico de Biología Experimental,
Fecha de publicación, distribución, etc. 1971.
300 ## - DESCRIPCIÓN FÍSICA
Extensión 229 p., [28] p. de lám. ;
Dimensiones 24 cm.
490 1# - MENCIÓN DE SERIE
Mención de serie Publicaciones del Centro Pirenaico de Biología Experimental ;
Designación de volumen o secuencia 4
650 #4 - PUNTO DE ACCESO ADICIONAL DE MATERIA--TÉRMINO DE MATERIA
Término de materia o nombre geográfico como elemento de entrada Fauna-
Subdivisión geográfica Pirineos.
9 (RLIN) 150387
830 0# - PUNTO DE ACCESO ADICIONAL DE SERIE-TÍTULO UNIFORME
Título uniforme Publicaciones del Centro Pirenaico de Biología Experimental ;
Designación de volumen o secuencia 4
9 (RLIN) 233239
852 ## - LOCALIZACIÓN
Ubicación ES-MaACL
Número de control de estantería C-41708
Holdings
Estatus retirado Estado de pérdida Estado de daño No para préstamo Biblioteca de origen Biblioteca actual Ubicación en estantería Fecha de adquisición Fuente de adquisición Total de préstamos Signatura topográfica completa Código de barras Visto por última vez Precio de reemplazo Tipo de ítem Koha
        Biblioteca del Ateneo de Madrid Biblioteca del Ateneo de Madrid Depósito 2 17/01/2008     C-41708 1119296 23/02/2023 23/02/2023 Libro impreso